000
00280nam a2200097Ia 4500
082
_a
641.3463 FLAN
245
0
_a
Olives & oils in South Africa
100
_a
FLANAGAN, Wendy Hout Bay [South Africa], 2003
_9
74188
942
_c
BK
008
210817s9999 xx 000 0 und d
999
_c
391894
_d
391893